[Event "Levice Toth Memorial"]
[Site "Levice"]
[Date "2019.08.04"]
[Round "6"]
[White "Koloditsova, Renata"]
[Black "Ralik, Oliver"]
[Result "1-0"]
[WhiteElo "1923"]
[BlackElo "1535"]
[PlyCount "100"]
[EventDate "2019.08.01"]
[EventType "swiss"]
[EventRounds "7"]
[EventCountry "SVK"]
[SourceTitle "EXT 2020"]
[Source "ChessBase"]
[SourceDate "2019.10.17"]
[SourceVersion "1"]
[SourceVersionDate "2019.10.17"]
[SourceQuality "1"]

1. d4 Nf6 2. c4 g6 3. Nc3 d5 4. Nf3 Bg7 5. cxd5 Nxd5 6. e4 Nxc3 7. bxc3 c5 8. Bc4 0-0 9. h3 Nc6 10. Be3 Qa5 11. Bd2 Rd8 12. 0-0 Qc7 13. d5 Na5 14. Qe2 Nxc4 15. Qxc4 a6 16. Be3 e6 17. Rad1 Bd7 18. d6 Qa5 19. Qxc5 Qxc5 20. Bxc5 Bb5 21. Rfe1 Rac8 22. Bb6 Rd7 23. e5 Bc6 24. Nd2 f6 25. f4 fxe5 26. fxe5 Ba4 27. Rc1 Rc6 28. Bd4 Bh6 29. Be3 Bg7 30. Nf3 Rc8 31. Bd4 Rf8 32. Rb1 Bc6 33. Ng5 Bd5 34. Rb2 h6 35. Ne4 Rf5 36. Nc5 Rdf7 37. d7 Rf8 38. Nxb7 Bxb7 39. Rxb7 R5f7 40. Bb6 g5 41. d8Q Rxb7 42. Qd6 Re8 43. Qc6 Rbb8 44. Bd4 a5 45. Rf1 Rbc8 46. Qd7 Rcd8 47. Qf7+ Kh8 48. Qg6 Rb8 49. Rf7 Rg8 50. Qxe6 Rbe8 1-0

[Event "SVK-chT2B 1415"]
[Site "Slovakia"]
[Date "2015.02.14"]
[Round "8.8"]
[White "Hrdlovic, Jaroslav"]
[Black "Ralik, Oliver"]
[Result "1/2-1/2"]
[WhiteElo "1000"]
[BlackElo "1678"]
[PlyCount "53"]
[EventDate "2014.10.11"]
[EventType "team-tourn"]
[EventRounds "11"]
[EventCountry "SVK"]
[SourceTitle "EXT 2019"]
[Source "ChessBase"]
[SourceDate "2018.10.10"]
[SourceVersion "1"]
[SourceVersionDate "2018.10.10"]
[SourceQuality "1"]
[WhiteTeam "Topolcianky SK"]
[BlackTeam "Levice"]
[WhiteTeamCountry "SVK"]
[BlackTeamCountry "SVK"]

1. e4 e5 2. f4 d5 3. Nf3 Bg4 4. Be2 Bxf3 5. Bxf3 d4 6. fxe5 Nc6 7. 0-0 Nxe5 8. d3 g6 9. Nd2 Ne7 10. Be2 N7c6 11. h3 b5 12. Nf3 Nxf3+ 13. Bxf3 Ne5 14. a3 h5 15. b4 h4 16. Bb2 Bh6 17. Bc1 Bg7 18. Qe2 0-0 19. Rd1 Qd6 20. Bg5 Bf6 21. Bxf6 Qxf6 22. Rf1 Qg5 23. Rad1 f5 24. exf5 Nxf3+ 25. Qxf3 Rad8 26. f6 Rd5 27. Qf4 1/2-1/2

[Event "SVK-chT2B 1415"]
[Site "Slovakia"]
[Date "2014.10.11"]
[Round "1.1"]
[White "Ralik, Oliver"]
[Black "Michalek, Matej"]
[Result "0-1"]
[WhiteElo "1678"]
[BlackElo "1937"]
[PlyCount "94"]
[EventDate "2014.10.11"]
[EventType "team-tourn"]
[EventRounds "11"]
[EventCountry "SVK"]
[SourceTitle "EXT 2019"]
[Source "ChessBase"]
[SourceDate "2018.10.10"]
[SourceVersion "1"]
[SourceVersionDate "2018.10.10"]
[SourceQuality "1"]
[WhiteTeam "Levice"]
[BlackTeam "Povazska Bystrica SKS II"]
[WhiteTeamCountry "SVK"]
[BlackTeamCountry "SVK"]

1. e4 d6 2. d4 g6 3. c4 Bg7 4. Nc3 Nf6 5. h3 Nbd7 6. Nf3 0-0 7. Be2 e5 8. dxe5 Nxe5 9. Nxe5 dxe5 10. 0-0 c6 11. Bg5 Be6 12. Qc2 Qc7 13. Rad1 h6 14. Be3 b6 15. Qc1 Kh7 16. f4 b5 17. f5 Bxc4 18. fxg6+ fxg6 19. Bxc4 bxc4 20. Bc5 Rfd8 21. Qe3 Nh5 22. Rxd8 Rxd8 23. Rd1 a6 24. Rxd8 Qxd8 25. Qf2 Nf4 26. Bb6 Qd3 27. Be3 Ne6 28. Qd2 Nd4 29. Qxd3 cxd3 30. Bxd4 exd4 31. Nb1 Be5 32. Kf2 Bf4 33. Ke1 Kg7 34. Nd2 Kf6 35. Nc4 c5 36. b3 d2+ 37. Nxd2 Bxd2+ 38. Kxd2 Ke5 39. Kd3 a5 40. a4 g5 41. g3 h5 42. Kd2 Kxe4 43. Ke2 d3+ 44. Kf2 g4 45. h4 Kd4 46. Kf1 Kc3 47. Ke1 Kc2 0-1